| 000 | 00476cam a2200193ua 4500 | ||
|---|---|---|---|
| 020 |
_a81-85046-40-9 _c100.00 |
||
| 041 |
_aeng _h |
||
| 082 |
_a551.49 _bGLO/GR |
||
| 100 | _aGlover, R E . | ||
| 245 |
_aGround water movement / _cR E Glover. _hTextual Documents |
||
| 250 |
_a1 / _b. |
||
| 260 |
_aJodhpur : _bScientific Publishers , _c1986. |
||
| 300 | _a76 ; . | ||
| 365 | _a100.00 | ||
| 504 | _a | ||
| 942 | _cBK | ||
| 999 |
_c9605 _d9605 |
||